Responses for Show #1077 - Tuesday, April 18, 1989

Missing introductions.

Contestants

[<< previous game]

Saranda Schlotter, a housewife and caterer from Thousand Oaks, California

John McCormack, from Canada

Glenn Kane, an emergency physician from Venice, California (whose 3-day cash winnings total $26,898)

[next game >>]

Jeopardy! Round responses

ANIMALS
QUOTES
THE RODEO
FAMOUS FAMILIES
COLORS
WHAT'S IN A NAME
    $100 9
the eyes

Glenn
    $100 1
wait

Glenn
    $100 6
a bronco

Glenn
    $100 19
grandfather

John
    $100 13
Italy

Saranda
    $100 12
carol

Saranda
    $200 7
a fish

John
    $200 2
(Glenn: My country. Uh, [*]? What is [*]?)

America

Glenn
    $200 27
the goat's legs

Saranda
    $200 20
Sean Penn

Saranda
    $200 14
a plum

John
    $200 15
Catherine

Saranda
    $300 8
a bird

Glenn
    $300 3
George Eliot

Glenn
    $300 28
[The end-of-round signal sounds.]

steer wrestling

Glenn
    $300 21
Frank Lloyd Wright

Saranda
    $300 24
(Alex: We've got a minute to go.)

burnt sienna

Glenn
    $300 16
Alexander

Saranda
    $400 10
(Saranda: What is Africa?)

Asia

GlennSaranda
    $600 4
(Glenn: What are roses?)
...
(Alex: I probably would have said not all beer and pretzels.)

skittles

Glenn
    $400 22
Meredith Baxter Birney

Glenn
    $400 25
gray

Glenn
    $400 17
Khrushchev

Glenn
    $500 11
(John: What is the study of bees?)

the keeping of bees (commercial beekeeping)

GlennJohn
    $500 5
the mold

John
    $500 23
Gelsey Kirkland

Saranda
    $500 26
(Josiah) Wedgwood

Saranda
    $500 18
(Glenn: Uh, what is Bacchus?)

Dennis

Glenn
Triple Stumper

Scores at the first commercial break (after clue 12):

Glenn John Saranda
$1,400 $200 -$300

Scores at the end of the Jeopardy! Round:

Glenn John Saranda
$2,700 $500 $2,000

Double Jeopardy! Round responses

STARTS WITH "WITH"
GENESIS
BOOKS & AUTHORS
IN THE MIDDLE
THE 20TH CENTURY
[That is how the category name was presented.]
HAWAII
    $200 1
with it

Glenn
    $200 7
Noah

Saranda
    $200 25
HAWAII

Saranda
    $200 17
a core

Glenn
    $200 10
Mars

Saranda
    $200 2
muumuus

John
    $400 22
withdrawal

Saranda
    $400 8
named it

Saranda
    $400 27
James Fenimore Cooper

Glenn
    $400 18
Martin

Saranda
    $400 13
the Organization of American States

Glenn
    $400 3
Oahu

Saranda
    $600 23
(Glenn: What is "With A Little Love"?)

"With A Little Luck"

Glenn
Triple Stumper
    $600 9
Lot

Glenn
    $600 28
Dickens

Saranda
    $600 19
a tennis racket

Saranda
    $600 14
King Tut's tomb

Saranda
    $600 4
the Hula Bowl

Glenn
    $800 24
with bells on

John
    $800 11
cattle

Saranda
    $2,000 29
[The end-of-round signal sounds.]

Murder on the Orient Express

Saranda
    $800 20
a spindle

Saranda
    $800 15
Wilson

Glenn
    $800 5
(John: Who is Sam Inouye?)
(Glenn: Who is Senator Inouye?)
(Alex: Now, you have to be more specific.)
(Glenn: [No response])
(Alex: Not gonna give it to you.)
...
(Alex: And my ruling there, Glenn, once John had given us an incorrect first name, supplied you with the last name, I couldn't then just accept the last name from you.)

Daniel Inouye

GlennJohnSaranda
    $1000 26
Witherspoon

John
    $1000 12
Joseph

Glenn
    $1000 21
the well

Triple Stumper
    $1000 16
the uprising in Hungary

Saranda
    $1,200 6
Molokai

Saranda

Scores at the end of the Double Jeopardy! Round:

Glenn John Saranda
$5,500 $1,700 $12,600
(lock game)

[wagering suggestions for these scores]

Final Jeopardy! Round responses

CIVIL WAR
JohnWho was Linc
$200
GlennWho was?
$5,500
SarandaWho is Clay?
$1,000
Andrew Johnson

Final scores:

Glenn John Saranda
$0 $1,500 $11,600
3rd place: Video Treasures 50 videos + Jeopardy! box game or Jeopardy! Challenger 2nd place: Ashley bedroom group + Ambatrak vertical blinds + Jeopardy! box game or Jeopardy! Challenger New champion: $11,600

Game dynamics:

Coryat scores:

Glenn John Saranda
$6,100 $1,700 $11,200
21 R,
4 W
(including 1 DD)
7 R,
2 W
25 R
(including 2 DDs),
1 W

Combined Coryat: $19,000

[game clues] [game scores] [suggest correction]

Game tape date: 1988-12-19
The J! Archive is created by fans, for fans. Scraping, republication, monetization, and malicious use prohibited; this site may use cookies and collect identifying information. See terms. The Jeopardy! game show and all elements thereof, including but not limited to copyright and trademark thereto, are the property of Jeopardy Productions, Inc. and are protected under law. This website is not affiliated with, sponsored by, or operated by Jeopardy Productions, Inc. Join the discussion at JBoard.tv.